| 000 | 01026nam a22002057a 4500 | ||
|---|---|---|---|
| 003 | BD-DhUL | ||
| 005 | 20170719101948.0 | ||
| 008 | 170320s2010 bg ||||| |||| 00| 0 ara d | ||
| 040 |
_aBD-DhUL _cBD-DhUL |
||
| 082 |
_a297.61 _bINS |
||
| 100 | 1 | _aانعام الحق، محمد۔ | |
| 245 | 1 | 0 |
_aالشیخ عبد العزیز بن باز : علومه و خدماته / _cمحمد انعام الحق۔ _h[Ph D Thesis ] |
| 246 |
_aশায়খ আব্দুল আযীয ইবন বায : উলূমুহু ও খিদমাতুহু = _bশায়খ আব্দুল আযীয ইবন বায : তাঁর জ্ঞান-বিজ্ঞান চর্চা ও সেবা। |
||
| 260 |
_aداکا : _bجامعة داکا، _c۲۰۱۰۔ |
||
| 300 |
_aص۔ ۴۰۰ ؛ _c۳۰ سم۔ |
||
| 500 | _aالبحث (الدکتورۃ) -- قسم العربیة، جامعة داکا، ۲۰۱۰۔ | ||
| 650 | 0 |
_aIbn Bāz, 'Abd al- 'Azīz _vBiography. |
|
| 650 | 0 | _aWahabism. | |
| 942 |
_2ddc _cREF |
||
| 999 |
_c211915 _d211915 |
||